Catálogo
 En Linea

Vidas de pintores, escultores y arquitectos ilustres / (Registro nro. 39163)

Detalles MARC
000 -CABECERA
campo de control de longitud fija 00699nam a2200193 a 4500
001 - NÚMERO DE CONTROL
campo de control 000039673
005 - FECHA Y HORA DE LA ÚLTIMA TRANSACCIÓN
campo de control 20201002033654.0
008 - DATOS DE LONGITUD FIJA--INFORMACIÓN GENERAL
campo de control de longitud fija 130715s1945 ag a 000 0 spa d
040 ## - FUENTE DE LA CATALOGACIÓN
Centro catalogador/agencia de origen DO-SdBNP
Lengua de catalogación spa
Centro/agencia transcriptor BNPHU
082 ## - NÚMERO DE LA CLASIFICACIÓN DECIMAL DEWEY
Número de clasificación xxx
100 1# - ENTRADA PRINCIPAL--NOMBRE DE PERSONA
Nombre de persona Vasari, Giorgio
9 (RLIN) 65866
240 10 - TÍTULO UNIFORME
Título uniforme Le vite de piú celebri pittori, scultori e architettori
Lenguaje de la obra español
245 10 - MENCIÓN DE TÍTULO
Título Vidas de pintores, escultores y arquitectos ilustres /
Mención de responsabilidad, etc. Giorgio Vasari ; traducción Juan B. Righini y Ernesto Bonasso.
260 ## - PUBLICACIÓN, DISTRIBUCIÓN, ETC.
Lugar de publicación, distribución, etc. Argentina :
Nombre del editor, distribuidor, etc. El ateneo,
Fecha de publicación, distribución, etc. 1945.
300 ## - DESCRIPCIÓN FÍSICA
Extensión v. :
Otras características físicas il. ;
Dimensiones 24 cm.
500 ## - NOTA GENERAL
Nota general La biblioteca posee el volumen 2.
700 1# - PUNTO DE ACCESO ADICIONAL--NOMBRE DE PERSONA
Nombre de persona Righini, Juan B.,
Término indicativo de función/relación tr.
9 (RLIN) 65867
700 1# - PUNTO DE ACCESO ADICIONAL--NOMBRE DE PERSONA
Nombre de persona Bonasso, Ernesto,
Término indicativo de función/relación tr.
9 (RLIN) 65868
Existencias
Estado de retiro Estado de pérdida Restricciones de uso No para préstamo Código de colección Localización permanente Ubicación/localización actual Ubicación en estantería Fecha de adquisición Número de inventario Total de préstamos Signatura topográfica completa Código de barras Fecha visto por última vez Precio válido a partir de Tipo de ítem Koha
      Excluido de préstamo Monografías: Libros y Folletos General General En catalogación 15.07.2013 LF1   xxx 39673-10 25.06.2020 25.06.2020 No se presta

Con tecnología Koha